000 00892nas a2200289 4500
001 BR0105028
003 BR-BrBNA
005 20231205102457.0
007 ta
008 230509b bl.|||p| |||| 00| 00por d
040 _aBR-BrBNA
_bpor
_cBiblioteca Nacional de Agricultura
041 _a(Pt)
072 _aF03
100 1 _aNunes, U.R.
100 1 _aAmaral, J.F.T. do
100 1 _aSilva, A.A. da
100 1 _aReis, M.S.
100 1 _aCecon, P.R.
245 1 _aCondicionamento osmotico das sementes de soja e sua relacao com a capacidade competitiva dessa cultura com a braquiaria
650 _aSoja
650 _aCapim Brachiaria
650 _aCompeticao Biologica
650 _aTratamento de Semente
773 0 _tRevista Ceres (Brazil)
_xISSN 0034-737X
_g(Jan-Feb 2001), v. 48(275) p. 1-16
_wBR0105028
909 _a202311
_bLúcia
_c55
_dLúcia Elande
942 _2AGRIS
_n0
_cANA
999 _c167769
_d167769